| 000 | 00928cam a22002894a 4500 | ||
|---|---|---|---|
| 001 | 4052 | ||
| 005 | 20240604095544.0 | ||
| 020 | _a0439206421 (pbk.) | ||
| 040 |
_aDLC _cDLC _dDLC _beng |
||
| 050 | 0 | 0 |
_aQM311.S47 _b2001 |
| 082 | 0 | 0 | _a591.4 |
| 100 | 1 | _aShaw, Gina | |
| 245 | 1 | 0 |
_aHooray for teeth! / _cby Gina Shaw ; illustrated by Greg Neri |
| 250 | _aFirst printing , January 2001 | ||
| 260 |
_aNew York : _bScholastic, _c2001 |
||
| 300 |
_a30 unnumbered pages : _bcolor illustrations ; _c24 cm. |
||
| 490 |
_aHello Reader ! _vLevel 2 |
||
| 505 | _aK | ||
| 520 | _aOffers young readers information about their teeth, including how to care for them properly. | ||
| 521 |
_a510
_bLexile estimate |
||
| 521 |
_aK
_bRaz-Plus |
||
| 650 | 0 |
_aTeeth _vJuvenile literature. |
|
| 650 | 1 | _aTeeth. | |
| 700 | 1 |
_aNeri, Greg _eillustrator |
|
| 906 |
_a7 _bcbc _corignew _d1 _eocip _f20 _gy-gencatlg |
||
| 942 |
_2ddc _cBK _n0 |
||
| 999 |
_c4052 _d4052 |
||